[Event "BUL it"]
[Site "Bulgaria"]
[Date "1988.??.??"]
[Round "?"]
[White "Vucic, Mladen"]
[Black "Bunis, Vassilis"]
[Result "1-0"]
[WhiteElo "2400"]
[BlackElo "2305"]
[PlyCount "140"]
[EventDate "1988.??.??"]
[EventType "tourn"]
[EventRounds "11"]
[EventCountry "BUL"]
[SourceTitle "EXT 2004"]
[Source "ChessBase"]
[SourceDate "2003.11.25"]
[SourceVersion "1"]
[SourceVersionDate "2003.11.25"]
[SourceQuality "1"]

1. d4 Nf6 2. c4 g6 3. g3 Bg7 4. Bg2 0-0 5. Nf3 c5 6. d5 e6 7. Nc3 exd5 8. cxd5 d6 9. 0-0 Re8 10. Bf4 a6 11. a4 b6 12. h3 Ra7 13. Ra2 Rae7 14. Ne1 h6 15. g4 Qc7 16. Nc2 Nbd7 17. Na3 Ne5 18. Bg3 g5 19. e3 Nfd7 20. Ne2 Ng6 21. b3 Qb8 22. Nc4 Nde5 23. Qc2 b5 24. Na5 Qb6 25. Nc6 Nxc6 26. dxc6 Ne5 27. axb5 axb5 28. Nc3 Be6 29. Bxe5 Bxe5 30. Nd5 Bxd5 31. Bxd5 Kg7 32. Kg2 Bf6 33. Rd1 Re5 34. Bf3 Rd8 35. Rd5 Re6 36. Rf5 Re5 37. Rxe5 Bxe5 38. Bd5 Bf6 39. Ra3 Rc8 40. Qe4 c4 41. bxc4 b4 42. Rb3 Qc5 43. Qf5 Rc7 44. Qd3 Ra7 45. Qd2 Ra4 46. Qc2 Ra7 47. Rd3 Qb6 48. Bf3 Ra5 49. Qd2 Be5 50. Rb3 Ra4 51. Bd5 Qc5 52. Qd3 Ra7 53. Qb1 Bc3 54. Qf5 Bf6 55. Qc8 Qb6 56. Be4 Re7 57. Qf5 Qc5 58. Bd5 Bc3 59. Qb1 Kf8 60. Rxc3 bxc3 61. Qh7 Ra7 62. Qh8+ Ke7 63. Qxc3 Kd8 64. Qh8+ Kc7 65. Qf6 Kb6 66. Qxg5 Ka5 67. Qf6 Kb4 68. h4 Kb3 69. h5 Ra2 70. Qxf7 Qxe3 1-0

[Event "Elenite op"]
[Site "Elenite"]
[Date "1986.??.??"]
[Round "?"]
[White "Stefanov, Krasimir"]
[Black "Bunis, Vassilis"]
[Result "0-1"]
[WhiteElo "2345"]
[BlackElo "2280"]
[PlyCount "54"]
[EventDate "1986.??.??"]
[EventType "swiss"]
[EventRounds "9"]
[EventCountry "BUL"]
[SourceTitle "EXT 1997"]
[Source "ChessBase"]
[SourceDate "1996.11.15"]
[SourceVersion "1"]
[SourceVersionDate "1996.11.15"]
[SourceQuality "1"]

1. e4 c5 2. Nf3 e6 3. d4 cxd4 4. Nxd4 Nf6 5. Nc3 d6 6. g3 Be7 7. Bg2 a6 8. 0-0 Qc7 9. f4 Nc6 10. Nf3 0-0 11. Qe2 b5 12. e5 dxe5 13. fxe5 Nd7 14. Bf4 Bb7 15. Rae1 Bc5+ 16. Be3 Ncxe5 17. Nxe5 Bxg2 18. Kxg2 Qxe5 19. Qf3 Bxe3 20. Rxe3 Qc5 21. Re2 Ne5 22. Qh5 Qc6+ 23. Kh3 f6 24. Re4 Nf7 25. Rb4 Ng5+ 26. Kg4 e5 27. h4 g6 0-1